Network Information Theory / (Record no. 17099)
[ view plain ]
| 000 -LEADER | |
|---|---|
| fixed length control field | 00780cam a22002297a 4500 |
| 001 - CONTROL NUMBER | |
| control field | 17254455 |
| 005 - DATE AND TIME OF LATEST TRANSACTION | |
| control field | 20121122140848.0 |
| 008 - FIXED-LENGTH DATA ELEMENTS--GENERAL INFORMATION | |
| fixed length control field | 120413s2011 enka b 001 0 eng d |
| 020 ## - INTERNATIONAL STANDARD BOOK NUMBER | |
| International Standard Book Number | 1107008735 |
| 020 ## - INTERNATIONAL STANDARD BOOK NUMBER | |
| International Standard Book Number | 9781107008731 |
| 082 04 - DEWEY DECIMAL CLASSIFICATION NUMBER | |
| Classification number | 621.3822 |
| Edition number | 22 |
| Item number | GAM |
| 100 1# - MAIN ENTRY--PERSONAL NAME | |
| Personal name | El Gamal, Abbas A. |
| 9 (RLIN) | 31421 |
| 245 10 - TITLE STATEMENT | |
| Title | Network Information Theory / |
| Statement of responsibility, etc | Abbas El Gamal, Young-Han Kim. |
| 260 ## - PUBLICATION, DISTRIBUTION, ETC. (IMPRINT) | |
| Place of publication, distribution, etc | Cambridge ; |
| -- | New York : |
| Name of publisher, distributor, etc | Cambridge University Press, |
| Date of publication, distribution, etc | 2011. |
| 300 ## - PHYSICAL DESCRIPTION | |
| Extent | xxviii, 685 p. : |
| Other physical details | graphs ; |
| Dimensions | 26 cm. |
| 504 ## - BIBLIOGRAPHY, ETC. NOTE | |
| Bibliography, etc | Includes bibliographical references (p. [643]-663) and indexes. |
| 650 #0 - SUBJECT ADDED ENTRY--TOPICAL TERM | |
| Topical term or geographic name as entry element | Computer networks |
| Form subdivision | Textbooks. |
| 9 (RLIN) | 31422 |
| 650 #0 - SUBJECT ADDED ENTRY--TOPICAL TERM | |
| Topical term or geographic name as entry element | Information theory |
| Form subdivision | Textbooks. |
| 9 (RLIN) | 31423 |
| 653 ## - INDEX TERM--UNCONTROLLED | |
| Resource For college | |
| Arrived date list | November2012 |
| 700 1# - ADDED ENTRY--PERSONAL NAME | |
| Personal name | Kim, Young-Han. |
| 9 (RLIN) | 31424 |
| 942 ## - ADDED ENTRY ELEMENTS (KOHA) | |
| Source of classification or shelving scheme | Dewey Decimal Classification |
| Item type | Book - Borrowing |
| Withdrawn status | Item status | Source of classification or shelving scheme | Damaged status | Not for loan | Vendor | Home library | Current library | Shelving location | Date acquired | Source of acquisition | Cost, normal purchase price | Serial Enumeration / chronology | Total Checkouts | Full call number | Barcode | Date last seen | Date last borrowed | Koha item type |
|---|---|---|---|---|---|---|---|---|---|---|---|---|---|---|---|---|---|---|
| Dewey Decimal Classification | Baccah | Central Library | Central Library | First floor | 22/11/2012 | 454.00 | 16429 | 1 | 621.3822 GAM | 000027825 | 15/07/2025 | 22/11/2012 | Book - Borrowing |